Statistics for 1972 College Football AP Poll

Click here to take the quiz!

General Stats

  • This quiz has been taken 11 times
  • The average score is 276 of 301

Answer Stats

WeekRankTeamWLTConference% Correct
Preseason1Nebraska00Big Eight
100%
Week 11 (11/20)3Michigan100Big Ten
100%
Week 5 (10/9)6Nebraska31Big Eight
100%
Week 5 (10/9)7Notre Dame30Independent
100%
Week 11 (11/20)5Nebraska811Big Eight
100%
Week 11 (11/20)4Oklahoma81Big Eight
100%
Week 5 (10/9)10Texas30Southwest
100%
Week 5 (10/9)11Tennessee41SEC
100%
Week 11 (11/20)2Alabama100SEC
100%
Week 5 (10/9)4Ohio State30Big Ten
100%
Week 11 (11/20)1USC100Pacific-8
100%
Week 10 (11/13)13Tennessee62SEC
100%
Week 6 (10/16)1USC60Pacific-8
100%
Week 6 (10/16)2Oklahoma40Big Eight
100%
Week 6 (10/16)3Alabama50SEC
100%
Week 6 (10/16)4Ohio State40Big Ten
100%
Week 6 (10/16)5Nebraska41Big Eight
100%
Week 5 (10/9)5Michigan40Big Ten
100%
Week 5 (10/9)3Alabama40SEC
100%
Week 6 (10/16)8Notre Dame40Independent
100%
Week 4 (10/2)6Nebraska31Big Eight
100%
Week 12 (11/27)1USC100Pacific-8
100%
Week 4 (10/2)1USC40Pacific-8
100%
Week 4 (10/2)2Oklahoma30Big Eight
100%
Week 4 (10/2)3Ohio State20Big Ten
100%
Week 4 (10/2)4Alabama30SEC
100%
Week 4 (10/2)5Michigan30Big Ten
100%
Week 4 (10/2)7Notre Dame20Independent
100%
Week 5 (10/9)2Oklahoma30Big Eight
100%
Week 4 (10/2)9Texas20Southwest
100%
Week 4 (10/2)10Tennessee31SEC
100%
Week 11 (11/20)12Tennessee72SEC
100%
Week 11 (11/20)11Notre Dame81Independent
100%
Week 11 (11/20)9Ohio State81Big Ten
100%
Week 11 (11/20)7Texas81Southwest
100%
Week 5 (10/9)1USC50Pacific-8
100%
Week 6 (10/16)6Michigan50Big Ten
100%
Week 10 (11/13)10Notre Dame71Independent
100%
Week 12 (11/27)3Oklahoma91Big Eight
100%
Week 8 (10/30)5Ohio State60Big Ten
100%
Week 9 (11/6)9Texas61Southwest
100%
Week 9 (11/6)7Oklahoma61Big Eight
100%
Week 8 (10/30)1USC80Pacific-8
100%
Week 8 (10/30)2Alabama70SEC
100%
Week 8 (10/30)3Nebraska61Big Eight
100%
Week 8 (10/30)4Michigan70Big Ten
100%
Week 8 (10/30)7Oklahoma51Big Eight
100%
Week 7 (10/23)14Tennessee42SEC
100%
Week 9 (11/6)5Ohio State70Big Ten
100%
Week 8 (10/30)9Texas51Southwest
100%
Week 9 (11/6)4Michigan80Big Ten
100%
Week 9 (11/6)3Nebraska71Big Eight
100%
Week 8 (10/30)12Notre Dame51Independent
100%
Week 8 (10/30)13Tennessee42SEC
100%
Week 9 (11/6)2Alabama80SEC
100%
Week 9 (11/6)12Notre Dame61Independent
100%
Week 7 (10/23)13Notre Dame41Independent
100%
Week 6 (10/16)10Tennessee41SEC
100%
Week 10 (11/13)2Alabama90SEC
100%
Week 10 (11/13)9Ohio State71Big Ten
100%
Week 10 (11/13)7Texas71Southwest
100%
Week 6 (10/16)14Texas31Southwest
100%
Week 10 (11/13)5Nebraska711Big Eight
100%
Week 10 (11/13)4Oklahoma71Big Eight
100%
Week 10 (11/13)3Michigan90Big Ten
100%
Week 10 (11/13)1USC90Pacific-8
100%
Week 9 (11/6)13Tennessee52SEC
100%
Week 7 (10/23)1USC70Pacific-8
100%
Week 7 (10/23)2Alabama60SEC
100%
Week 7 (10/23)3Nebraska51Big Eight
100%
Week 7 (10/23)4Ohio State50Big Ten
100%
Week 7 (10/23)5Michigan60Big Ten
100%
Week 7 (10/23)8Oklahoma41Big Eight
100%
Week 7 (10/23)10Texas41Southwest
100%
Week 12 (11/27)2Alabama100SEC
100%
Week 9 (11/6)1USC90Pacific-8
100%
Week 12 (11/27)4Ohio State91Big Ten
100%
Week 1 (9/11)15Texas00Southwest
100%
Week 1 (9/11)7Tennessee10SEC
100%
Postseason2Oklahoma111Big Eight
100%
Postseason1USC120Pacific-8
100%
Week 1 (9/11)10Nebraska01Big Eight
100%
Week 1 (9/11)11Michigan00Big Ten
100%
Week 1 (9/11)14Notre Dame00Independent
100%
Week 13 (12/4)12Notre Dame82Independent
100%
Week 1 (9/11)5Alabama10SEC
100%
Week 13 (12/4)11Tennessee92SEC
100%
Week 2 (9/18)1USC20Pacific-8
100%
Week 2 (9/18)2Oklahoma10Big Eight
100%
Week 13 (12/4)8Michigan101Big Ten
100%
Week 2 (9/18)4Ohio State10Big Ten
100%
Week 2 (9/18)5Tennessee20SEC
100%
Postseason3Texas101Southwest
100%
Week 1 (9/11)4Oklahoma00Big Eight
100%
Week 2 (9/18)7Alabama10SEC
100%
Preseason13Notre Dame00Independent
100%
Preseason3Ohio State00Big Ten
100%
Postseason14Notre Dame83Independent
100%
Preseason6Oklahoma00Big Eight
100%
Preseason7Alabama00SEC
100%
Preseason8USC00Pacific-8
100%
Preseason10Michigan00Big Ten
100%
Preseason14Texas00Southwest
100%
Week 1 (9/11)3Ohio State00Big Ten
100%
Preseason15Tennessee00SEC
100%
Postseason9Ohio State92Big Ten
100%
Postseason8Tennessee102SEC
100%
Postseason7Alabama102SEC
100%
Postseason6Michigan101Big Ten
100%
Week 1 (9/11)1USC10Pacific-8
100%
Postseason4Nebraska921Big Eight
100%
Week 13 (12/4)7Texas91Southwest
100%
Week 13 (12/4)9Nebraska821Big Eight
100%
Week 12 (11/27)12Tennessee82SEC
100%
Week 3 (9/25)1USC30Pacific-8
100%
Week 3 (9/25)6Alabama20SEC
100%
Week 3 (9/25)7Nebraska21Big Eight
100%
Week 3 (9/25)8Michigan20Big Ten
100%
Week 12 (11/27)10Notre Dame81Independent
100%
Week 3 (9/25)2Oklahoma20Big Eight
100%
Week 13 (12/4)1USC110Pacific-8
100%
Week 13 (12/4)2Oklahoma101Big Eight
100%
Week 13 (12/4)3Ohio State91Big Ten
100%
Week 3 (9/25)10Notre Dame10Independent
100%
Week 3 (9/25)5Ohio State10Big Ten
100%
Week 2 (9/18)14Texas00Southwest
100%
Week 2 (9/18)13Notre Dame00Independent
100%
Week 2 (9/18)12Michigan10Big Ten
100%
Week 13 (12/4)4Alabama101SEC
100%
Week 3 (9/25)12Texas10Southwest
100%
Week 12 (11/27)8Nebraska821Big Eight
100%
Week 2 (9/18)9Nebraska11Big Eight
100%
Week 12 (11/27)7Michigan101Big Ten
100%
Week 3 (9/25)4Tennessee30SEC
100%
Week 12 (11/27)6Texas91Southwest
100%
Week 11 (11/20)17Iowa State531Big Eight
90%
Week 9 (11/6)11Auburn71SEC
90%
Week 9 (11/6)10Penn State71Independent
90%
Week 13 (12/4)6Auburn91SEC
90%
Postseason11LSU921SEC
90%
Week 9 (11/6)8UCLA81Pacific-8
90%
Week 8 (10/30)20Arkansas52Southwest
90%
Postseason10Penn State102Independent
90%
Week 11 (11/20)16Missouri64Big Eight
90%
Week 9 (11/6)6LSU70SEC
90%
Postseason13Arizona State102WAC
90%
Week 12 (11/27)9Auburn81SEC
90%
Postseason15UCLA83Pacific-8
90%
Postseason5Auburn101SEC
90%
Week 12 (11/27)11LSU811SEC
90%
Week 9 (11/6)14Missouri53Big Eight
90%
Week 10 (11/13)6Penn State81Independent
90%
Week 10 (11/13)18Arizona State72WAC
90%
Week 10 (11/13)17Washington82Pacific-8
90%
Week 10 (11/13)14UCLA82Pacific-8
90%
Week 10 (11/13)12Iowa State521Big Eight
90%
Week 13 (12/4)5Penn State101Independent
90%
Week 12 (11/27)5Penn State101Independent
90%
Week 10 (11/13)11Auburn71SEC
90%
Week 13 (12/4)10LSU911SEC
90%
Week 13 (12/4)14UCLA83Pacific-8
90%
Week 10 (11/13)8LSU71SEC
90%
Week 12 (11/27)16Arizona State92WAC
90%
Week 11 (11/20)14UCLA83Pacific-8
90%
Week 13 (12/4)15Arizona State92WAC
90%
Week 13 (12/4)20Purdue65Big Ten
90%
Week 12 (11/27)15UCLA83Pacific-8
90%
Week 11 (11/20)6Penn State91Independent
90%
Week 11 (11/20)8LSU81SEC
90%
Week 11 (11/20)10Auburn81SEC
90%
Week 10 (11/13)19Missouri54Big Eight
90%
Week 9 (11/6)20Stanford53Pacific-8
90%
Week 9 (11/6)19Arizona State62WAC
90%
Week 9 (11/6)17Iowa State52Big Eight
90%
Week 11 (11/20)18Arizona State82WAC
90%
Week 7 (10/23)11Penn State51Independent
90%
Postseason20Georgia Tech741Independent
90%
Week 3 (9/25)17Ole Miss20SEC
90%
Week 2 (9/18)16Georgia10SEC
90%
Week 2 (9/18)19Stanford10Pacific-8
90%
Week 2 (9/18)20Ole Miss10SEC
90%
Week 3 (9/25)9LSU20SEC
90%
Week 3 (9/25)11Arizona State30WAC
90%
Week 3 (9/25)13Penn State11Independent
90%
Week 3 (9/25)14Washington30Pacific-8
90%
Week 3 (9/25)15UCLA21Pacific-8
90%
Week 3 (9/25)19Stanford20Pacific-8
90%
Week 2 (9/18)11Penn State01Independent
90%
Week 4 (10/2)11Washington40Pacific-8
90%
Week 4 (10/2)14UCLA31Pacific-8
90%
Week 4 (10/2)15Stanford30Pacific-8
90%
Week 4 (10/2)16Penn State21Independent
90%
Week 4 (10/2)17Auburn30SEC
90%
Week 4 (10/2)18Ole Miss30SEC
90%
Week 4 (10/2)20Iowa State30Big Eight
90%
Week 5 (10/9)8LSU40SEC
90%
Week 2 (9/18)15Washington20Pacific-8
90%
Week 2 (9/18)10Arizona State20WAC
90%
Week 5 (10/9)12Washington50Pacific-8
90%
Preseason20Stanford00Pacific-8
90%
Preseason4Arkansas00Southwest
90%
Preseason5Penn State00Independent
90%
Preseason9Washington00Pacific-8
90%
Preseason11LSU00SEC
90%
Preseason12Arizona State00WAC
90%
Preseason16Ole Miss00SEC
90%
Preseason17Georgia00SEC
90%
Preseason18Purdue00Big Ten
90%
Week 1 (9/11)6Penn State00Independent
90%
Week 2 (9/18)8LSU10SEC
90%
Week 1 (9/11)8UCLA10Pacific-8
90%
Week 1 (9/11)9LSU00SEC
90%
Week 1 (9/11)12Washington10Pacific-8
90%
Week 1 (9/11)13Arizona State10WAC
90%
Week 1 (9/11)16Georgia00SEC
90%
Week 1 (9/11)17Arkansas01Southwest
90%
Week 1 (9/11)18Purdue00Big Ten
90%
Week 1 (9/11)19Ole Miss00SEC
90%
Week 2 (9/18)6UCLA20Pacific-8
90%
Week 5 (10/9)9Auburn40SEC
90%
Week 4 (10/2)8LSU30SEC
90%
Week 5 (10/9)14UCLA41Pacific-8
90%
Week 8 (10/30)6LSU60SEC
90%
Week 7 (10/23)9UCLA61Pacific-8
90%
Week 6 (10/16)20Iowa State31Big Eight
90%
Week 6 (10/16)19Arizona State41WAC
90%
Week 7 (10/23)12Auburn51SEC
90%
Week 7 (10/23)15Iowa State41Big Eight
90%
Week 6 (10/16)18Washington51Pacific-8
90%
Week 6 (10/16)17Arkansas41Southwest
90%
Week 6 (10/16)14Auburn41SEC
90%
Week 6 (10/16)13Stanford41Pacific-8
90%
Week 6 (10/16)12Penn State41Independent
90%
Week 7 (10/23)16Arizona State51WAC
90%
Week 6 (10/16)11UCLA51Pacific-8
90%
Week 7 (10/23)18Arkansas42Southwest
90%
Week 7 (10/23)6LSU60SEC
90%
Week 6 (10/16)7LSU50SEC
90%
Week 5 (10/9)17Stanford31Pacific-8
90%
Week 8 (10/30)16Missouri43Big Eight
90%
Week 8 (10/30)8UCLA71Pacific-8
90%
Week 5 (10/9)18Iowa State30Big Eight
90%
Week 5 (10/9)20Arkansas31Southwest
90%
Week 8 (10/30)14Iowa State51Big Eight
90%
Week 8 (10/30)11Auburn61SEC
90%
Week 8 (10/30)10Penn State61Independent
90%
Week 5 (10/9)15Penn State31Independent
90%
Week 1 (9/11)20Florida State10Independent
80%
Week 9 (11/6)16Colorado63Big Eight
80%
Week 2 (9/18)3Colorado20Big Eight
80%
Week 9 (11/6)15Texas Tech71Southwest
80%
Preseason2Colorado00Big Eight
80%
Postseason19Washington State74Pacific-8
80%
Week 13 (12/4)13Colorado83Big Eight
80%
Week 13 (12/4)16North Carolina91ACC
80%
Postseason17NC State831ACC
80%
Postseason16Colorado84Big Eight
80%
Week 8 (10/30)15Colorado62Big Eight
80%
Week 13 (12/4)19Washington State74Pacific-8
80%
Postseason12North Carolina111ACC
80%
Week 9 (11/6)18North Carolina61ACC
80%
Week 7 (10/23)18SMU41Southwest
80%
Week 1 (9/11)2Colorado10Big Eight
80%
Preseason19Florida State00Independent
80%
Week 7 (10/23)17Florida State61Independent
80%
Week 2 (9/18)17Florida State20Independent
80%
Week 7 (10/23)7Colorado61Big Eight
80%
Week 10 (11/13)16North Carolina71ACC
80%
Week 11 (11/20)15North Carolina81ACC
80%
Week 4 (10/2)12Colorado31Big Eight
80%
Week 8 (10/30)18Texas Tech61Southwest
80%
Week 11 (11/20)19Washington State74Pacific-8
80%
Week 5 (10/9)19Oklahoma State31Big Eight
80%
Week 11 (11/20)20Texas Tech82Southwest
80%
Week 9 (11/6)20Yale51Ivy League
80%
Week 6 (10/16)9Colorado51Big Eight
80%
Week 10 (11/13)15Colorado73Big Eight
80%
Week 3 (9/25)16Florida State30Independent
80%
Week 4 (10/2)13Florida State40Independent
80%
Week 11 (11/20)13Colorado83Big Eight
80%
Week 3 (9/25)3Colorado30Big Eight
80%
Week 12 (11/27)13Colorado83Big Eight
80%
Week 12 (11/27)14North Carolina91ACC
80%
Week 2 (9/18)18Michigan State10Big Ten
80%
Week 10 (11/13)20Washington State64Pacific-8
80%
Week 12 (11/27)19Washington State74Pacific-8
80%
Week 12 (11/27)20Oklahoma State64Big Eight
80%
Week 5 (10/9)13Colorado41Big Eight
80%
Week 4 (10/2)19Air Force30Independent
70%
Week 5 (10/9)16Air Force40Independent
70%
Week 8 (10/30)19Air Force61Independent
70%
Week 3 (9/25)20West Virginia30Independent
70%
Week 7 (10/23)18West Virginia52Independent
70%
Week 6 (10/16)16Air Force50Independent
70%
Week 13 (12/4)18West Virginia83Independent
70%
Week 12 (11/27)18West Virginia83Independent
70%
Week 13 (12/4)17Louisville91Missouri Valley
50%
Week 12 (11/27)17Louisville91Missouri Valley
50%
Postseason18Louisville91Missouri Valley
50%
Week 8 (10/30)17Louisville60Missouri Valley
50%
Week 3 (9/25)18Tulane20Independent
20%

Score Distribution

Percentile by Number Answered

Percent of People with Each Score

Your Score History

You have not taken this quiz